03314nam a2201201 i 4500003000900000005001700009008004100026020001800067040004400085082002200129100003600151245007200187250002300259264004300282300004000325336002300365337002900388338002500417490003700442504003800479505039900517526000900916526000900925526000900934526000900943526000900952526000900961526000900970526000900979526000900988526000900997526000901006526000901015526000901024526000901033526000901042526000901051526000901060526000901069526000901078526000901087526000901096526000901105526000901114526000901123526000901132526000901141526000901150526000901159526000901168526000901177526000901186526000901195526000901204526000901213526000901222526000901231526000901240526000801249526000801257526000801265526000801273526000801281526000801289526000801297526000801305526000801313526000801321526000801329526000801337526000801345526000801353526000801361526000801369526000801377526000801385526000801393526000801401526000801409526000801417526000801425526000801433526000801441526000801449526000801457526000801465526000801473526000801481526000801489526000801497526000801505526000801513526000801521650004201529650004101571650005601612650004001668710006901708942001201777999001701789980011001806952019601916PE-LiUPU20250813185715.0240703b |||||||| |||| 00| 0 spa d a9786123179281 apelibn bspa erda cPE-LiUPUdPE-LiUPU14a348.56223bS624i1 aSiverino Bavio, Paula, eautor.10aIntroducción a la bioética jurídica / cPaula Siverino Bavio. aPrimera edición. 1aLima : bFondo Edutorial PUCP, c2024. a212 páginas ; c21 centímetros. aTexto 2rdacontent asin mediacion 2rdamedia avolumen 2rdacarrier0 a(Lo esencial del derecho ; v75) aBibliografía: páginas 197-212 aConceptos básicos -- Bioética jurídica -- El impacto de la bioética en la relación médio-paciente -- Consentimiento informado -- Sexo y derecho: paradigmas y conflictos -- Dilemas del inicio de la existencia humana -- Las técnicas de reproducción humana asistida -- Interrupción voluntaria del embarazo -- Derecho a la integridad -- Ciudadanía inclusiva y diversidad sexual. aP202 aP201 aP163 aP162 aP161 aP160 aP148 aP147 aP146 aP145 aP144 aP143 aP142 aP141 aP140 aP139 aP138 aP137 aP136 aP135 aP134 aP133 aP129 aP128 aP127 aP120 aP119 aP118 aP116 aP115 aP114 aP110 aP109 aP108 aP104 aP103 aP102 aP99 aP98 aP97 aP96 aP95 aP93 aP90 aP89 aP88 aP83 aP82 aP62 aP59 aP58 aP57 aP51 aP49 aP48 aP47 aP29 aP24 aP20 aP19 aP17 aP15 aP14 aP12 aP10 aP09 aP08 aP07 aP06 aP05 aP04 aP0118aBioéticaxAspectos legaleszPerú.28aGenética humanaxAspectos legales.28aMedicinaxPráctica profesionalxAspectos legales.28aBioéticavPreguntas y respuestas.2 aPontificia Universidad Católica del Perú, eentidad editora. 2ddccBK c62570d62569 618226aJaime Vilcazán Jefe de Análisis Documental81gALBERTO SANCHEZ Responsable de Automatización r2025-12-02 00:00:00l2o348.56 S624ip82197s2025-04-29te1v11.55w2024-07-03xFACIHEDyBK102ddc50708GENfP143aBULbBULcGENd2024-06-17eCompra, Sánchez Escobar, Julio Césarg6.55